| 000 -LEADER |
| fixed length control field |
01554cam a2200301 i 4500 |
| 001 - CONTROL NUMBER |
| control field |
20051604 |
| 005 - DATE AND TIME OF LATEST TRANSACTION |
| control field |
20221108160855.0 |
| 008 - FIXED-LENGTH DATA ELEMENTS--GENERAL INFORMATION |
| fixed length control field |
171004s2018 ilua b 001 0 eng c |
| 020 ## - INTERNATIONAL STANDARD BOOK NUMBER |
| International Standard Book Number |
9780226430577 X |
| 041 ## - LANGUAGE CODE |
| Language code of text/sound track or separate title |
eng |
| 080 ## - UNIVERSAL DECIMAL CLASSIFICATION NUMBER |
| Universal Decimal Classification number |
378.245.2:003.028.42 T-95 |
| 100 1# - MAIN ENTRY--PERSONAL NAME |
| Personal name |
Turabian, Kate L., |
| 9 (RLIN) |
12530 |
| 245 12 - TITLE STATEMENT |
| Title |
A manual for writers of research papers, theses, and dissertations : |
| Remainder of title |
Chicago Style for students and researchers / |
| Statement of responsibility, etc. |
Kate L. Turabian ; revised by Wayne C. Booth, Gregory G. Colomb, Joseph M. Williams, Joseph Bizup, William T. FitzGerald, and the University of Chicago Press editorial staff. |
| 250 ## - EDITION STATEMENT |
| Edition statement |
9th edition. |
| 264 #1 - PRODUCTION, PUBLICATION, DISTRIBUTION, MANUFACTURE, AND COPYRIGHT NOTICE |
| Place of production, publication, distribution, manufacture |
Chicago ; |
| -- |
London : |
| Name of producer, publisher, distributor, manufacturer |
The University of Chicago Press, |
| Date of production, publication, distribution, manufacture, or copyright notice |
2018. |
| 300 ## - PHYSICAL DESCRIPTION |
| Extent |
462 pages : |
| Other physical details |
illustrations ; |
| Dimensions |
24 cm. |
| 490 1# - SERIES STATEMENT |
| Series statement |
Chicago guides to writing, editing, and publishing |
| 504 ## - BIBLIOGRAPHY, ETC. NOTE |
| Bibliography, etc. note |
Includes bibliographical references (pages 421-446) and index. |
| 653 ## - INDEX TERM--UNCONTROLLED |
| keyword |
სახელმძღვანელო სამეცნიერო ნაშრომის, ნაშრომისა და დისერტაციის ავტორებისთვის |
| 653 ## - INDEX TERM--UNCONTROLLED |
| keyword |
აკადემიური წერა |
| 700 1# - ADDED ENTRY--PERSONAL NAME |
| Personal name |
Booth, Wayne C., |
| Relator term |
editor. |
| 9 (RLIN) |
12531 |
| 700 1# - ADDED ENTRY--PERSONAL NAME |
| Personal name |
Colomb, Gregory G., |
| Relator term |
editor. |
| 9 (RLIN) |
12532 |
| 700 1# - ADDED ENTRY--PERSONAL NAME |
| Personal name |
Williams, Joseph M., |
| Relator term |
editor. |
| 9 (RLIN) |
12533 |
| 700 1# - ADDED ENTRY--PERSONAL NAME |
| Personal name |
Bizup, Joseph, |
| Dates associated with a name |
1966- |
| Relator term |
editor. |
| 9 (RLIN) |
12534 |
| 700 1# - ADDED ENTRY--PERSONAL NAME |
| Personal name |
FitzGerald, William T., |
| Relator term |
editor. |
| 9 (RLIN) |
12535 |
| 830 #0 - SERIES ADDED ENTRY--UNIFORM TITLE |
| Uniform title |
Chicago guides to writing, editing, and publishing. |
| 9 (RLIN) |
12517 |
| 942 ## - ADDED ENTRY ELEMENTS (KOHA) |
| Source of classification or shelving scheme |
|
| Koha item type |
წიგნი |